Finanční deriváty

Vymedzenie pojmu finančný derivát. Delenie klasických finančných derivátov podľa P. Dvořáka. Delenie moderných štruktúrovaných produktov podľa M. Svobodu. Základná charakteristika vybraných finančných nástrojov: futures, forwardy, swapy, opcie. Rozdiely medzi futures a forwardmi. Delenie moderných š...

Descrizione completa

Salvato in:
Dettagli Bibliografici
Autore principale: Uhman, Jiří
Natura: Capitolo di libro
Lingua:ceco
Soggetti:
Tags: Aggiungi Tag
Nessun Tag, puoi essere il primo ad aggiungerne!!

MARC

LEADER 00000naa$a2200000$$$4500
001 0112537
005 20221129071958.0
041 0 |a cze 
044 |a CZ 
245 1 0 |a Finanční deriváty  |c Jiří Uhman 
520 |a Vymedzenie pojmu finančný derivát. Delenie klasických finančných derivátov podľa P. Dvořáka. Delenie moderných štruktúrovaných produktov podľa M. Svobodu. Základná charakteristika vybraných finančných nástrojov: futures, forwardy, swapy, opcie. Rozdiely medzi futures a forwardmi. Delenie moderných štruktúrovaných produktov podľa finančnej páky a rizikovosti. 
610 2 0 |a deriváty 
610 2 0 |a swap 
610 2 0 |a opcie 
610 2 0 |a forwardy 
610 2 0 |a futurity 
610 2 0 |a akcie 
610 2 0 |a certifikáty 
610 2 0 |a trh finančný 
100 1 |a Uhman, Jiří